Normal view MARC view
  • Green chemistry

Entry Topical Term

Number of records used in: 4

001 - CONTROL NUMBER

  • control field: 39059

003 - CONTROL NUMBER IDENTIFIER

  • control field: OSt

005 - DATE AND TIME OF LATEST TRANSACTION

  • control field: 20160117143759.0

008 - FIXED-LENGTH DATA ELEMENTS

  • fixed length control field: 160117|| aca||babn | a|a d

040 ## - CATALOGING SOURCE

  • Original cataloging agency: OSt

150 ## - HEADING--TOPICAL TERM

  • Topical term or geographic name as entry element: Green chemistry

450 ## - SEE FROM TRACING--TOPICAL TERM

  • Topical term or geographic name entry element: Environmental chemistry
  • General subdivision: Industrial applications

450 ## - SEE FROM TRACING--TOPICAL TERM

  • Topical term or geographic name entry element: Sustainable chemistry

550 ## - SEE ALSO FROM TRACING--TOPICAL TERM

  • Topical term or geographic name entry element: Chemical engineering

550 ## - SEE ALSO FROM TRACING--TOPICAL TERM

  • Topical term or geographic name entry element: Chemistry, Technical

550 ## - SEE ALSO FROM TRACING--TOPICAL TERM

  • Topical term or geographic name entry element: Sustainable engineering